000 00670nam a22002417a 4500
005 20160125090033.0
008 081027s2009 nyua 001 0 eng
020 _a9780071492751
020 _a9780071595032
020 _a0071492755
020 _a0071595031
041 0 _aeng
080 _a004
100 1 _aNew, Michael.
245 1 0 _aOracle Enterprise manager 10g grid control implementation guide /
_cMichael New.
260 _aNew York :
_bMcGraw-Hill,
_c2009.
300 _a752 f. :
_bme il.;
_c24 cm.
505 _aIndex: f. 737 - 752
630 0 0 _aOracle (Computer file)
650 0 _aKompjuterat
650 0 _aBaza e të të dhënave
942 _2udc
_cBK
999 _c629
_d629